000 00305nam a2200133Ia 4500
005 20251222144655.0
008 251222s9999||||xx |||||||||||||| ||spa||
020 _a8472911438
082 _a750/S26/T.X
245 0 _aLos Genios de la Pintura
250 _a1ra.ed.
264 _bSarpe, S.A.
942 _cLIB
999 _c17213
_d17213